Ballon d'or 2012 - Statistiques

Statistiques générales
  • Ce quiz a été pris 268 fois
  • Le résultat moyen est 17 sur 23
Statistiques - réponses
Rang Joueurs Nationalité Points % Correct
2 Cristiano Ronaldo Portugal 1066
100%
1 Lionel Messi Argentine 1872
100%
3 Andrés Iniesta Espagne 491
98%
4 Xavi Espagne 184
98%
10 Zlatan Ibrahimović Suède 56
94%
8 Didier Drogba Côte d'Ivoire 117
93%
5 Radamel Falcao Colombie 165
85%
18 Sergio Ramos Espagne 10
82%
16 Gianluigi Buffon Italie 16
80%
13 Neymar Jr Brésil 27
80%
6 Iker Casillas Espagne 143
77%
12 Yaya Touré Côte d'Ivoire 34
77%
Karim Benzema France 5
74%
9 Robin van Persie Pays-Bas 65
74%
19 Manuel Neuer Allemagne 9
71%
21 Gerard Piqué Espagne 5
69%
7 Andrea Pirlo Italie 120
68%
17 Sergio Agüero Argentine 13
62%
20 Sergio Busquets Espagne 8
62%
15 Wayne Rooney Angleterre 17
53%
11 Xabi Alonso Espagne 49
48%
23 Mario Balotelli Italie 3
46%
14 Mesut Özil Allemagne 18
42%
Aucun quiz correspondant
Distribution des résultats
% des personnes avec chaque résultat
Percentile par nombre de réponses
Votre historique - résultats
Vous n’avez pas pris ce quiz